| 000 | 01050cam a22002771 4500 | ||
|---|---|---|---|
| 001 | 5962194 | ||
| 003 | ARRUPE | ||
| 005 | 20160122144846.0 | ||
| 008 | 780510s1936 sa abcf b 000 0 eng | ||
| 010 | _a 37005268 | ||
| 035 | _a(OCoLC)3882166 | ||
| 040 |
_aDLC _cTxEU _dOCoLC _dDLC |
||
| 042 | _apremarc | ||
| 050 | 0 | 0 |
_aSPC TN427.S6 _bL36 |
| 082 | _a622.34 | ||
| 100 | 1 |
_aLetcher, Owen. _921740 |
|
| 245 | 1 | 4 |
_aThe gold mines of Southern Africa; _bthe history, technology and statistics of the gold industry _cBy Owen Letcher. |
| 260 |
_aJohannesburg, _bPub. by the Author in Conjunction with Waterlow & Sons ltd., London, _c1936. |
||
| 300 |
_a xiii, 580 p.; _bfront., illus., plates (1 double) ports., maps (part fold.) fold. diagr. _c26 cm. |
||
| 504 | _a"Selected bibliography": p. 533-544. | ||
| 650 | 0 |
_aGold mines and mining _zSouth Africa. _921682 |
|
| 651 | 0 |
_aWitwatersrand (South Africa) _921746 |
|
| 651 | 0 |
_aJohannesburg (South Africa) _921685 |
|
| 906 |
_a7 _bcbc _coclcrpl _du _encip _f19 _gy-gencatlg |
||
| 942 |
_2lcc _cMONOGRAPH |
||
| 999 |
_c124018 _d124018 |
||